000 01103cam a2200289 4500
001 2999
005 20230410130543.0
008 060907s1992 ctu eng
020 _a0275942759
035 _9funglode3011
041 _aeng
050 1 4 _aPN 1992.3
_bM542p 1992
082 0 0 _a302.23/45/097293
100 1 _aMenéndez Alarcón, Antonio V.,
_d1953-
245 1 0 _aPower and television in Latin America :
_bthe Dominican case /
_cAntonio V. Menéndez Alarcón
260 _aWestport, Conn. :
_bPraeger,
_c1992
300 _a199 p. :
_bill. ;
_c25 cm.
650 0 _aTelevision in politics
_zDominican Republic.
650 0 _aTelevision broadcasting
_xSocial aspects
_zDominican Republic.
650 0 _aTelevision broadcasting
_xSocial aspects
_zLatin America.
650 0 _aTelevision and politics
_zLatin America.
650 4 _aTelevisión y política
_zRepública Dominicana
650 4 _aTeledifusión
_xAspectos sociales
_zRepública Dominicana
650 4 _aTeledifusión
_xAspectos sociales
_zAmérica Latina
650 4 _aTelevisión y política
_zAmérica Latina
942 _2lcc
_cbk
999 _c76037
_d76037